| 000 | 00640nam a22001937a 4500 | ||
|---|---|---|---|
| 003 | OSt | ||
| 005 | 20251118112811.0 | ||
| 008 | 251118b |||||||| |||| 00| 0 eng d | ||
| 020 | _a 971-93764-3-9. | ||
| 040 |
_aDWCL-Admin lib _cOC |
||
| 082 | _aFil. 510 C744 | ||
| 100 | _aConcepcion, Benjamin Pelayo Jr. | ||
| 245 |
_a Exploring Mathematics for Teachers : LET reviewer _cBenjamin Pelayo Concepcion, Jr. |
||
| 260 |
_aManila : _bMET Review Center. |
||
| 300 |
_a 163 p. ; ill. ; _c21 cm. |
||
| 650 | _a1. Mathematics-Examinations,questions,etc. | ||
| 650 | _a2. Mathematics-Problems, exercises, etc. | ||
| 942 |
_2ddc _cBK - FIL _kFil. _n0 |
||
| 999 |
_c5777 _d5777 |
||